The social sciences as an emerging global field /
Збережено в:
| Автор: | |
|---|---|
| Формат: | Текст |
| Теги: |
Додати тег
Немає тегів, Будьте першим, хто поставить тег для цього запису!
|
MARC
| LEADER | 00000 a a2200000 04500 | ||
|---|---|---|---|
| 001 | 47230 | ||
| 003 | |||
| 040 | |||
| 100 | |a Heilbron, Johan | ||
| 245 | |a The social sciences as an emerging global field / |c Johan Heilbron | ||
| 773 | |g volumen62, número5, (2014), páginas 685-703 | ||
| 999 | |c 31543 |d 31543 | ||
